书目信息 |
| 题名: |
海洋生物
|
|
| 作者: | 张义浩 , 赵盛龙 , 吴常文 主编 | |
| 分册: | 藻类 | |
| 出版信息: | 杭州 浙江大学出版社 2002.11 |
|
| 页数: | 198页 | |
| 开本: | 21cm | |
| 丛书名: | 海洋生物系列丛书 | |
| 单 册: | ||
| 中图分类: | Q949.2-64 , Q178.53-64 | |
| 科图分类: | ||
| 主题词: | 海洋生物--hai yang sheng wu--简介--图谱 , 海藻--hai zao--简介--图谱 | |
| 电子资源: | ||
| ISBN: | 7-308-03204-3 | |
| 000 | 01116nam 2200313 450 | |
| 001 | 012006780890 | |
| 005 | 20070611155349.57 | |
| 010 | @a7-308-03204-3@dCNY36.00 | |
| 100 | @a20061206d2002 km y0chiy0120 ea | |
| 101 | 0 | @achi |
| 102 | @aCN@b330000 | |
| 105 | @aa a 000yy | |
| 200 | 1 | @a海洋生物@Ahai yang sheng wu@i藻类@f张义浩, 赵盛龙, 吴常文主编@Fzhang yi hao,zhao sheng long,wu chang wen zhu bian |
| 210 | @a杭州@c浙江大学出版社@d2002.11 | |
| 215 | @a198页@c图 (部分彩图)@d21cm | |
| 225 | 2 | @a海洋生物系列丛书@Ahai yang sheng wu xi lie cong shu |
| 320 | @a有书目 (第194-197页)。 | |
| 330 | @a本书以图文并茂的形式,以史密斯和千原光维分类法为基础,结合我国学者的研究成果,记述海洋藻类213种。 | |
| 410 | 0 | @12001 @a海洋生物系列丛书 |
| 517 | 1 | @a藻类@Azao lei |
| 606 | 0 | @a海洋生物@Ahai yang sheng wu@x简介@j图谱 |
| 606 | 0 | @a海藻@Ahai zao@x简介@j图谱 |
| 690 | @aQ949.2-64@v4 | |
| 690 | @aQ178.53-64@v4 | |
| 701 | 0 | @a张义浩@Azhang yi hao@4主编 |
| 701 | 0 | @a赵盛龙@Azhao sheng long@4主编 |
| 701 | 0 | @a吴常文@Awu chang wen@4主编 |
| 801 | 0 | @aCN@c20070611 |
| 905 | @a10447@dQ178.53-64@eZ232 | |
| 海洋生物.藻类/张义浩, 赵盛龙, 吴常文主编.-杭州:浙江大学出版社,2002.11 |
| 198页:图 (部分彩图);21cm.-(海洋生物系列丛书) |
| ISBN 7-308-03204-3:CNY36.00 |
| 本书以图文并茂的形式,以史密斯和千原光维分类法为基础,结合我国学者的研究成果,记述海洋藻类213种。 |
| ● |
| 相关链接 |
|
|
|
正题名:海洋生物
索取号:Q178.53-64/Z232
 
预约/预借
| 序号 | 登录号 | 条形码 | 馆藏地/架位号 | 状态 | 备注 |
| 1 | 230962 | 202309625 | 自科库401/401自科库 26排2列5层/ [索取号:Q178.53-64/Z232] | 在馆 | |
| 2 | 230963 | 202309634 | 自科库401/401自科库 26排2列5层/ [索取号:Q178.53-64/Z232] | 在馆 |